| 000 | 00000cam 2200000zi 4500 |
| 001 | 9.953876 |
| 003 | CaOODSP |
| 005 | 20260603113526 |
| 006 | m o d f |
| 007 | cr cn |||||||| |
| 008 | 250807s2025 quca o f000 0 eng d |
| 020 | |a9780660783932 |
| 040 | |aCaOODSP|beng|erda|cCaOODSP |
| 043 | |an-cn--- |
| 086 | 1 |aR122-53/2-2025E-PDF |
| 245 | 04|aThe collaborative process on the second-generation cut-off and section 10 voting thresholds : |bconsultation plan placemat. |
| 264 | 1|a[Gatineau, Quebec] : |bIndigenous Services Canada = Services aux Autochtones Canada, |c[2025] |
| 300 | |a1 online resource (1 unnumbered page) : |billustrations |
| 336 | |atext|btxt|2rdacontent |
| 337 | |acomputer|bc|2rdamedia |
| 338 | |aonline resource|bcr|2rdacarrier |
| 500 | |aCaption title. |
| 500 | |aIssued also in French under title: Le processus de collaboration sur l'exclusion après la deuxième génération et les seuils de vote en vertu de l'article 10 : affiche pour le plan de consultation. |
| 520 | |a"The purpose of this placemat is to provide an overview of the plan for the consultation period of the collaborative process on the second-generation cut-off and Section 10 voting thresholds"--Page [1]. |
| 530 | |aIssued also in printed form. |
| 650 | 5|aFirst Nations|xLegal status, laws, etc. |
| 650 | 5|aFirst Nations|xBand membership. |
| 710 | 1 |aCanada. |bIndigenous Services Canada, |eissuing body. |
| 775 | 08|tLe processus de collaboration sur l'exclusion après la deuxième génération et les seuils de vote en vertu de l'article 10 : |w(CaOODSP)9.953874 |
| 776 | 0#|tThe collaborative process on the second-generation cut-off and section 10 voting thresholds : |w(CaOODSP)9.953875 |
| 856 | 40|qPDF|s378 KB|uhttps://publications.gc.ca/collections/collection_2026/sac-isc/R122-53-2-2025-eng.pdf |